| 000 | 00429nam a2200145Ia 4500 | ||
|---|---|---|---|
| 008 | 230917s9999||||xx |||||||||||||| ||und|| | ||
| 040 |
_e196914 _aMAIN |
||
| 041 | _aEnglish | ||
| 082 | _a891.432751 KK141C | ||
| 100 | _aकपूर, कवँल नयन | ||
| 245 | 0 | _aछाया- पुरूष | |
| 260 |
_aनई दिल्ली _bसंजय प्रकाशन _c2010 |
||
| 300 | _a52 पृ. p. | ||
| 942 | _cHN | ||
| 999 |
_c169223 _d169223 |
||